|
|
|
|
| LEADER |
01908cgm a2200457 a 4500 |
| 001 |
00025828 |
| 003 |
BD-DhAAL |
| 005 |
20251007163556.0 |
| 007 |
vd cvaizk |
| 008 |
120829p20042003ko 360 vlkor d |
| 024 |
1 |
|
|a 8809074179467
|
| 028 |
4 |
2 |
|a BDV-D248
|b Bitwin (discs 1-6)
|
| 040 |
|
|
|a BD-DhAAL
|c BD-DhAAL
|
| 082 |
0 |
0 |
|a 791.43
|2 22
|
| 245 |
1 |
0 |
|6 880-01
|a Tae Chang-gŭm
|h [videorecording] :
|b MBC tʻŭkpyŏl kihoek dŭrama.
|n Part B /
|c yŏnchʻul, Yi, Pyŏng-hun ; kŭkpon, Kim Yŏng-hyŏn ; kihoek, Cho Chung-hyŏn ; MBC Munhwa Pansong.
|
| 246 |
2 |
|
|a Tae Changgum
|
| 260 |
|
|
|a Seoul :
|b Bitʻŭwin,
|c 2003-2004.
|
| 300 |
|
|
|a 6 videodiscs (DVD) (ca. 360 min) :
|b sd., col. ;
|c 4 3/4 in.
|
| 500 |
|
|
|a Aspect ratio 1.33:1
|
| 500 |
|
|
|a Based on the book, Ŭinyŏ Tae Chang-gŭm by Kim Sang-hŏn.
|
| 500 |
|
|
|a Videodisc release of 54-part television drama series by MBC.
|
| 538 |
|
|
|a DVD; Dolby digital, NTSC.
|
| 541 |
1 |
|
|e 0025828
|
| 546 |
|
|
|a In Korean. Copy 2, with English subtitle.
|
| 650 |
|
0 |
|a Motion picture
|x DVD special features.
|9 4922
|
| 650 |
|
0 |
|a Feature films
|z Korea (South).
|9 4850
|
| 650 |
|
0 |
|a Medicine
|z Korea
|x History
|v Drama.
|9 59511
|
| 650 |
|
0 |
|a Women physicians
|z Korea
|x History
|v Drama.
|9 59512
|
| 650 |
|
0 |
|a Cooking, Korean
|z Drama.
|9 59515
|
| 700 |
1 |
|
|a Yi, Pyŏng-hun.
|9 4923
|
| 700 |
1 |
|
|a Kim, Yŏng-hyŏn.
|9 4924
|
| 700 |
1 |
|
|a Yi, Yŏng-ae.
|9 4925
|
| 700 |
1 |
|
|a Chi, Chin-hŭi.
|9 4926
|
| 700 |
1 |
|
|a Im, Ho.
|9 4927
|
| 700 |
1 |
|
|a Kim, Sang-hŏn.
|t Ŭinyŏ Tae Chang-gŭm.
|9 4928
|
| 710 |
2 |
|
|a MBC-TV (Television station : Korea)
|9 4929
|
| 852 |
4 |
|
|a Ayesha Abed Library
|
| 880 |
|
|
|6 245-01
|a 大長今
|h [videorecording] :
|b MBC특별기획드라마.
|n Part B.
|
| 942 |
|
|
|2 ddc
|c AV
|
| 999 |
|
|
|c 12787
|d 12787
|
| 952 |
|
|
|0 0
|1 0
|2 ddc
|4 0
|6 791_430000000000000_TAE
|7 0
|9 21055
|a BRACUL
|b BRACUL
|c AV
|d 2012-08-28
|e BIL
|g 2.00
|l 0
|o 791.43 TAE
|p 4010025828
|r 2012-09-04
|t 1
|w 2012-08-28
|y AV
|